| 000 | 01389cam a2200361 a 4500 | ||
|---|---|---|---|
| 001 | 18053 | ||
| 003 | BD-RjUL | ||
| 005 | 20211209000230.0 | ||
| 008 | 140219t19611947enk 000 0 eng d | ||
| 020 | _a0140079955 | ||
| 035 | _a(BD-RjUL)18111 | ||
| 040 |
_aUkOxU _beng _cUkOxU _dBD-RjUL |
||
| 041 | 1 |
_aeng _hspa |
|
| 082 | 0 | 4 |
_a822 _bGAT 1961 |
| 100 | 1 |
_aGarcía Lorca, Federico, _d1898-1936. _955627 |
|
| 245 | 1 | 0 |
_aThree tragedies : _bBlood wedding ; Yerma ; The house of Bernarda Alba / _cFederico García Lorca ; translated by James Graham-Luján and Richard L. O'Connell ; introduction by Francisco García Lorca |
| 260 |
_aHarmondsworth : _bPenguin Books, _c1961. |
||
| 300 |
_a203 p. ; _c18 cm. |
||
| 490 | 1 | _aPenguin plays | |
| 500 | _aCopyright New Directions, 1947 | ||
| 500 | _aFirst U.S. publs. of translations: "Bodas de sangre" - 1945; "Yerma" - 1946; "La casa de Bernarda Alba" - 1941; first U. K. publ. London : Secker & Warburg, 1959 | ||
| 650 | 0 |
_aDrama _vTragedy _955628 |
|
| 650 | 0 |
_aTheater _zSpain _xHistory _y20th century _955629 |
|
| 700 | 1 |
_aGraham-Luján, James. _955630 |
|
| 700 | 1 |
_aO'Connell, Richard, _d1928-. _955631 |
|
| 700 | 1 |
_aGarcía Lorca, Francisco, _d1902-1976 _955632 |
|
| 740 | 0 | 2 | _aBlood wedding |
| 740 | 0 | 2 | _aHouse of Bernarda Alba |
| 740 | 0 | 2 | _aYerma |
| 830 | 0 |
_aPenguin plays _955642 |
|
| 942 |
_2ddc _cBK |
||
| 999 |
_c18053 _d18053 |
||